MARC details
| 000 -LEADER |
| fixed length control field |
02349nam a2200397 4500 |
| 001 - CONTROL NUMBER |
| control field |
OTLid0000500 |
| 003 - CONTROL NUMBER IDENTIFIER |
| control field |
MnU |
| 005 - DATE AND TIME OF LATEST TRANSACTION |
| control field |
20201105133335.0 |
| 006 - FIXED-LENGTH DATA ELEMENTS--ADDITIONAL MATERIAL CHARACTERISTICS |
| fixed length control field |
m o d s |
| 008 - FIXED-LENGTH DATA ELEMENTS--GENERAL INFORMATION |
| fixed length control field |
180907s2017 mnu o 0 0 fre d |
| 020 ## - INTERNATIONAL STANDARD BOOK NUMBER |
| International Standard Book Number |
|
| 040 ## - CATALOGING SOURCE |
| Original cataloging agency |
MnU |
| Language of cataloging |
eng |
| Transcribing agency |
MnU |
| 050 #4 - LIBRARY OF CONGRESS CALL NUMBER |
| Classification number |
PE1408 |
| 050 #4 - LIBRARY OF CONGRESS CALL NUMBER |
| Classification number |
HQ1101 |
| 100 1# - MAIN ENTRY--PERSONAL NAME |
| Personal name |
Dolidon, Annabelle |
| Relator term |
author |
| 245 00 - TITLE STATEMENT |
| Title |
Histoires d'Avenirs |
| Remainder of title |
Science-fiction pour le cours de français niveaux intermédiaire et avancé |
| Statement of responsibility, etc. |
Annabelle Dolidon |
| 264 #2 - PRODUCTION, PUBLICATION, DISTRIBUTION, MANUFACTURE, AND COPYRIGHT NOTICE |
| Name of producer, publisher, distributor, manufacturer |
Open Textbook Library |
| 264 #1 - PRODUCTION, PUBLICATION, DISTRIBUTION, MANUFACTURE, AND COPYRIGHT NOTICE |
| Name of producer, publisher, distributor, manufacturer |
Portland State University Library |
| 300 ## - PHYSICAL DESCRIPTION |
| Extent |
1 online resource |
| 490 0# - SERIES STATEMENT |
| Series statement |
Open textbook library. |
| 505 0# - FORMATTED CONTENTS NOTE |
| Formatted contents note |
Les Bulles -- Impress Genetic, Inc. -- Carte Blanche -- Les Miens -- Ceux Qui Marchent -- L'Anniversaire de Caroline -- Craqueur -- Ce qui n'est pas nommé -- Les Années Métalliques |
| 520 0# - SUMMARY, ETC. |
| Summary, etc. |
Histoires d'Avenirs est un manuel basé sur neuf nouvelles de science fiction française qui s'adresse à un public d'apprenants étrangers (de niveaux intermédiaire et avancé) mais aussi à un public natif voulant approfondir ses connaissances de la science-fiction moderne - après un chapitre préliminaire qui rappelle les bases historiques du genre. Le manuel propose une approche holistique (stylistique, linguistique, et interculturelle) et sollicite une pensée critique au travers d'activités de lecture, interprétation, conversation, recherche et présentations, dans un double objectif : développer les compétences en français sur des sujets contemporains au travers de la fiction; et faire découvrir la science-fiction française et francophone aux apprenants étrangers. Additional short stories are available at PDXScholar. |
| 542 1# - INFORMATION RELATING TO COPYRIGHT STATUS |
| Copyright statement |
Attribution-NonCommercial |
| 546 ## - LANGUAGE NOTE |
| Language note |
In French. |
| 588 0# - SOURCE OF DESCRIPTION NOTE |
| Source of description note |
Description based on online resource |
| 650 #0 - SUBJECT ADDED ENTRY--TOPICAL TERM |
| Topical term or geographic name entry element |
Humanities |
| Form subdivision |
Textbooks |
| 650 #0 - SUBJECT ADDED ENTRY--TOPICAL TERM |
| Topical term or geographic name entry element |
Rhetoric |
| Form subdivision |
Textbooks |
| 650 #0 - SUBJECT ADDED ENTRY--TOPICAL TERM |
| Topical term or geographic name entry element |
Gender and Sexuality Studies |
| Form subdivision |
Textbooks |
| 700 1# - ADDED ENTRY--PERSONAL NAME |
| Personal name |
Roulon, Stéphanie |
| Relator term |
author |
| 710 2# - ADDED ENTRY--CORPORATE NAME |
| Corporate name or jurisdiction name as entry element |
Open Textbook Library |
| Relator term |
distributor |
| 856 40 - ELECTRONIC LOCATION AND ACCESS |
| Uniform Resource Identifier |
<a href="https://open.umn.edu/opentextbooks/textbooks/500">https://open.umn.edu/opentextbooks/textbooks/500</a> |
| Public note |
Access online version |